Residential property management services (Record no. 115126)
[ view plain ]
| 000 -LEADER | |
|---|---|
| fixed length control field | 01003cam a22002055a 4500 |
| 001 - CONTROL NUMBER | |
| control field | L158077 |
| 008 - FIXED-LENGTH DATA ELEMENTS--GENERAL INFORMATION | |
| fixed length control field | 140409s2014 xxk f 000 0 eng d |
| 035 ## - SYSTEM CONTROL NUMBER | |
| System control number | (Sirsi) u158077 |
| 041 0# - LANGUAGE CODE | |
| Language code of text/sound track or separate title | eng |
| 110 2# - MAIN ENTRY--CORPORATE NAME | |
| Corporate name or jurisdiction name as entry element | Office of Fair Trading |
| 9 (RLIN) | 1355 |
| 245 00 - TITLE STATEMENT | |
| Title | Residential property management services |
| Medium | [electronic resource] |
| 260 ## - PUBLICATION, DISTRIBUTION, ETC. | |
| Place of publication, distribution, etc. | London |
| Date of publication, distribution, etc. | OFT |
| Name of publisher, distributor, etc. | 2014 |
| 520 ## - SUMMARY, ETC. | |
| Summary, etc. | OFT launched a market study on 4 March 2014 looking at the provision of residential property management services in England and Wales in order to examine whether the market is working fairly for consumers. Results of the study are due for publication in September 2014. |
| 590 ## - LOCAL NOTE (RLIN) | |
| Local note | KA |
| 651 #4 - SUBJECT ADDED ENTRY--GEOGRAPHIC NAME | |
| Geographic name | England and Wales |
| Chronological subdivision | 1543- |
| 690 ## - LOCAL SUBJECT ADDED ENTRY--TOPICAL TERM (OCLC, RLIN) | |
| Topical term or geographic name as entry element | Residential property |
| 9 (RLIN) | 6266 |
| 690 ## - LOCAL SUBJECT ADDED ENTRY--TOPICAL TERM (OCLC, RLIN) | |
| Topical term or geographic name as entry element | Property management |
| 9 (RLIN) | 6262 |
| 856 40 - ELECTRONIC LOCATION AND ACCESS | |
| Uniform Resource Identifier | <a href="https://webarchive.nationalarchives.gov.uk/20140402142426/http://www.oft.gov.uk/OFTwork/markets-work/residential-property-management/">https://webarchive.nationalarchives.gov.uk/20140402142426/http://www.oft.gov.uk/OFTwork/markets-work/residential-property-management/</a> |
| Public note | View this item free of charge at www.nationalarchives.ov.uk. |
| 942 ## - ADDED ENTRY ELEMENTS (KOHA) | |
| Suppress in OPAC | 0 |
| Withdrawn status | Lost status | Source of classification or shelving scheme | Damaged status | Not for loan | Home library | Current library | Shelving location | Date acquired | Total Checkouts | Full call number | Barcode | Date last seen | Copy number | Price effective from | Koha item type |
|---|---|---|---|---|---|---|---|---|---|---|---|---|---|---|---|
| Dewey Decimal Classification | London | London | Online | 09/04/2014 | ONLINE PUBLICATION | 158077-1001 | 06/08/2019 | 1 | 06/08/2019 | Book |